| 000 | 00711nam a22002177a 4500 | ||
|---|---|---|---|
| 999 |
_c776 _d776 |
||
| 003 | AR-CdUCM | ||
| 008 | 190225b ||||| |||| 00| 0 spa d | ||
| 020 | _a8472324974 | ||
| 040 |
_aMUNICIPALIDAD PROVINCIAL DEL CUSCO _cBIBLIOTECA MUNICIPAL DEL CUSCO |
||
| 082 |
_a869.56 / _bG26 |
||
| 100 |
_aGarcía, José Enrique _92964 |
||
| 245 |
_aEl Fabulador: _by otros Poemas / _cGarcía, José Enrique |
||
| 260 |
_aMadrid, España : _bCultura Hispanica Poesia , _c1989. |
||
| 300 |
_a127 paginas: _c20 cm. |
||
| 650 |
_aFabula Poetica. _92965 |
||
| 650 |
_aPoesia Narrativa. _92966 |
||
| 650 |
_aPoesia Hispanica. _92967 |
||
| 700 |
_aGarcía, José Enrique _92964 |
||
| 942 |
_2ddc _cLIBROS |
||
| 945 |
_artm _d2019-02-25 |
||